000 00746nam a2200289Ia 4500
001 33559
005 20240114001652.0
007 ta
008 061226s1924 g b000 u 465 u
040 _aCotton College,Assam
041 _a465
082 _a415
_bJ 494 P
100 _aJespersen, Otto .
245 0 _aThe Philosophy of Grammar /
_cOtto Jespersen.
_hTextual Documents
250 _a1st ed. /
260 _aLondon :
_bGeorge Allen and Unwin Ltd ,
_c1924.
300 _a359p. ;
_c22cm.
504 _aIndex
653 _aPhilosophy-Grammar
653 _aGrammar-Philosophy
653 _aG-Languages
653 _aT/G- Languages
942 _2ddc
_cBK
999 _c33541
_d33541